| 000 | 00569nmm a2200193Ia 4500 | ||
|---|---|---|---|
| 008 | 251105s9999||||xx |||||||||||||||||und|| | ||
| 020 | _a9788417128739 | ||
| 041 | _aspa | ||
| 100 | _aMoya Valle, Antonio-Prometeo | ||
| 245 | 0 | _aEl gato que regalaba sonrisas | |
| 264 |
_a[Madrid, España] : _bDuomo ediciones, _c2019 |
||
| 300 | _a400 páginas | ||
| 490 | _aDuomo bolsillo | ||
| 650 | _aNorth American narrative | ||
| 700 | _aMoya Valle, Antonio-Prometeo | ||
| 700 | 1 | _a Wells, Rachel | |
| 856 | _uhttps://public.digitaliapublishing.com/a/68034 | ||
| 942 | _cCF | ||
| 999 |
_c69165 _d69165 |
||